000 00204 a2200097 4500
001 22947
100 _aLey, W
245 _aThe Sea: Life Nature Library
260 _a
_bLife
_c1963
090 _c15529
_d15529
942 _aNUST-CAE
_cM
_c6146
999 _c258020
_d258020